01853nam a22003737a 4500003000400000005001700004008004100021040002200062082001500084100003700099245005800136260005300194300002000247366000800267490001200275505015400287505003700441505006200478505006800540505006000608505023500668505004300903505005500946650004901001650005101050650004801101650004301149650004101192650004401233700003601277942002601313999001501339952012501354OSt20230608110600.0221006b |||||||| |||| 00| 0 eng d cBiblioteca Lado V a800bG984r 9849aGutierrez, Rafaeledirector aRevista de la Universidad de San Carlos de Guatemala/ aImpreso en Litografía Llerenac2002bGuatemala c21.5x27cma85p. espa a2v2002 tEnsayosaEl hilo de Ariadna: Literatura y globalización Delito Científico Etnicidad, literatura y discursos nacionales El cuento que se cuenta tLetrasaPoemas Relato Relato  tDebateaLos Estudios Culturales: una puesta del revés  tArteaMoises Barrios: una apropiación de espacios colonizados tComentariosaSanta Evita Ultimas noticias del paraiso  tTrapichea1er, Encuentro de Poetas Nicaragüenses y Costarricenses Epístola a los poetas de la frontera Costa Rica y Nicaragua Poesía del encuentro Conclusiones Cuento: Liudmila Poesía: Carta a Piero della Francesca  tADUANAaLibros Revistas y Suplementos tA la ticaaEl ambiente tico y los mitos tropicales 2Tesauro de Arte & ArquitecturaaENSAYOS9703 2Tesauro de Arte & ArquitecturaaNARRATIVA9702 2Tesauro de Arte & ArquitecturaaDEBATE9702 2Tesauro de Arte & ArquitecturaaPOESIA 2Tesauro de Arte & ArquitecturaaARTE 2Tesauro de Arte & ArquitecturaaCULTURA aNavarreta, Jose Antonioeeditor 2ddcc1h800iG984rn0 c3825d3825 00102ddc3200240708RevistasaLVbLVd2023-06-08h2i003514l0o800 G984rp003514r2023-06-08 00:00:00w2023-06-08y1